Movies Quiz

Random Movies or Disney Quiz
Score 0/30 Timer 05:00
0 Plays Today
% Correct
Let it Go
96.3%
Cruella De Vil
92.5%
Beauty and the Beast
92.5%
The Bare Necessities
91.3%
A Whole New World
90%
Part of Your World
88.8%
You Can Fly!
87.5%
A Dream is a Wish Your Heart Makes
85%
Go The Distance
85%
Winnie the Pooh
83.8%
Reflection
83.8%
You'll Be in My Heart
83.8%
Zip a Dee Doo Dah
82.5%
Can You Feel the Love Tonight
82.5%
I See the Light
82.5%
% Correct
Someday My Prince Will Come
80%
When You Wish Upon a Star
78.8%
Colors of the Wind
77.5%
Davy Crockett, King of the Wild Frontier
76.3%
Once Upon a Dream
73.8%
God Help the Outcasts
65%
Bella Notte
63.8%
The World's Greatest Criminal Mind
62.5%
Feed the Birds (Tuppence a Bag)
58.8%
That's How You Know
55%
Candle on the Water
55%
Oo-de-lally
53.8%
Pink Elephants on Parade
51.3%
Someone's Waiting For You
50%
The Age of Not Believing
48.8%

You're not logged in!

Compare scores with friends on all Sporcle quizzes.
OR
Log In

Sporcle TV

Today on Sporcle TV


Watch our educational content, quiz creation guides, and fun videos on Sporcle TV.

Show Comments

Extras

Top Quizzes Today


Score Distribution

Paid Content

Your Account Isn't Verified!

In order to create a playlist on Sporcle, you need to verify the email address you used during registration. Go to your Sporcle Settings to finish the process.

Report this User

Report this user for behavior that violates our Community Guidelines.

Details: